000 00748nam a2200253Ia 4500
003 OSt
005 20221005133817.0
006 a|||||r|||| 00| 0
007 ta
008 221004b |||||||| |||| 00| 0 pan d
020 _c100
024 _a12361
037 _b827, 14/03/2014, H.K. Prakashan
_cTextual
040 _aCRL
_cCRL
_bpan
041 _2pan
_apan
082 _aO153,1NSAx, Q1
100 _aਸਰਗਮ, ਸੁFੀਲਾ
245 0 _aਪੀੜਾਂ ਦੇ ਪੁੰਗਰ
260 _c2011
300 _a126ਪੰ
_ccm.
650 _aਪੰਜਾਬੀ ਸਾਹਿਤ
942 _hO153,1NSAx, Q1
_cTEXL
_2cc
999 _c1067948
_d1067948